Introduction" from forces of labor: Worker''s movements and globalization since 1870 /

Uloženo v:
Podrobná bibliografie
Hlavní autor: Silver, Beverly J.
Médium: Text
Tagy: Přidat tag
Žádné tagy, Buďte první, kdo vytvoří štítek k tomuto záznamu!

MARC

LEADER 00000 a a2200000 04500
001 40128
003
040
100 |a Silver, Beverly J.  
245 |a Introduction" from forces of labor:   |b Worker''s movements and globalization since 1870 /  |c Beverly J. Silver  
590
773 |g páginas 135-146  
999 |c 30724  |d 30724